| 000 | 00618nam a22002417a 4500 | ||
|---|---|---|---|
| 003 | OSt | ||
| 005 | 20140310184322.0 | ||
| 008 | 121110t xxu||||| |||| 00| 0 eng d | ||
| 020 | _a0439696534 | ||
| 050 |
_aPZ 7 _b.D554 2004 |
||
| 100 | _4DiConsiglio, John. | ||
| 245 |
_aIce breaker : _bThe freezing story of Lynne Cox / _cJohn DiConsiglio |
||
| 260 |
_aNew York, NY : _bScholastic Inc., _c2004. |
||
| 300 |
_a28 p. : _c19 cm. |
||
| 521 | _aG2 | ||
| 526 | _c360 | ||
| 650 |
_aFiction _9746 |
||
| 942 |
_2lcc _cBK-SCHOLAS |
||
| 999 |
_c33607 _d33607 |
||